Orthopedic manual therapy diagnosis : (رقم التسجيلة. 37158)

تفاصيل مارك
000 -الفاتح
حقل البيانات ثابتة الطول 02267cam a22003734a 4500
001 - رقم الضبط
رقم الضبط 15506098
003 - محدد رقم الضبط
رقم الضبط OSt
005 - وقت وتاريخ اخر تعامل مع التسجيلة
رقم الضبط 20150504134401.0
008 - عناصر البيانات ثابتة الطول - معلومات عامة
حقل البيانات ثابتة الطول 081029s2014 maua b 001 0 eng
010 ## - رقم ضبط مكتبة الكونجرس
رقم ضبط مكتبة الكونجرس 2008047474
020 ## - الرقم الدولى المعيارى للكتب
الرقم الدولى المعيارى للكتاب 9783131714510
035 ## - رقم ضبط النظام
رقم ضبط النظام (OCoLC)ocn269433005
040 ## - مصدر الفهرسة
وكالة الفهرسة الأصلية DNLM/DLC
وكالة النسخ DLC
وكالة التعديل NLM
-- YDXCP
-- C#P
-- DLC
041 1# - رمز اللغة
رمز لغة النص/ المسارات الصوتية أو العنوان الانفرادي eng
رمز لغة الترجمات و/او الاصلية المتوسطة للنص dut
042 ## - رمز التحقق
رمز التحقق pcc
050 00 - رقم طلب مكتبة الكونجرس
رقم التصنيف RD734
رقم المادة .E413 2010
082 00 - رقم تصنيف ديوى العشرى
رقم التصنيف 616.7075
رقم الطبعة 22
رقم المادة SJO
100 1# - المدخل الرئيسى - إسم شخصى
الإسم الشخصى Schomacher, Jochen
9 (RLIN) 47942
245 10 - بيان العنوان
العنوان Orthopedic manual therapy diagnosis :
بقية العنوان Assessment and Management /
بيان المسئوليه,etc Schomacher, Jochen
260 ## - PUBLICATION, DISTRIBUTION, ETC. (IMPRINT)
مكان الناشر او الموزع New York ;
اسم الناشر او الموزع thieme,
تاريخ النشر أو التوزيع 2014.
300 ## - الوصف المادى
التعداد xiii, 316 p. :
تفاصيل ماديه اخرى للوعاء ill. ;
أبعاد الوعاء 29 cm.
490 1# - بيان السلسلة
عنوان السلسلة Contemporary issues in physical therapy and rehabilitation medicine
504 ## - تبصرة ببليوجرافية
تبصرة ببليوجرافية,الخ Includes bibliographical references (p. 523-539) and index.
505 0# - تبصرة محتويات-الفهرس
تبصرة المحتويات المصاغة Introduction to spinal anatomy -- Introduction to applied biomechanics -- Function and dysfunction of the spine -- Terminology and theories -- Introduction to test psychometric properties -- Examination -- History and examination : general structure and special considerations -- Neurological and neurovascular examination -- Psychological aspects -- Supplementary data, diagnosis, and treatment planning -- History and examination : practical considerations -- Palpatory examination -- Active examination -- Examination of the pelvic region -- Examination of the lumbar spine -- Examination of the thoracic spine -- Examination of the lower and mid-cervical spine -- Examination of the upper cervical spine -- Examination of the temporomandibular joints.
650 #0 - المدخل الاضافى بالموضوع-مصطلح موضوعى
مصطلح موضوعي أو اسم جغرافي كعنصر مدخل Orthopedics
التقسيم الفرعي العام Diagnosis.
9 (RLIN) 47943
650 #0 - المدخل الاضافى بالموضوع-مصطلح موضوعى
مصطلح موضوعي أو اسم جغرافي كعنصر مدخل Manipulation (Therapeutics)
9 (RLIN) 47944
650 12 - المدخل الاضافى بالموضوع-مصطلح موضوعى
مصطلح موضوعي أو اسم جغرافي كعنصر مدخل Musculoskeletal Diseases
التقسيم الفرعي العام diagnosis.
9 (RLIN) 47945
650 22 - المدخل الاضافى بالموضوع-مصطلح موضوعى
مصطلح موضوعي أو اسم جغرافي كعنصر مدخل Manipulation, Orthopedic
التقسيم الفرعي العام methods.
9 (RLIN) 47946
650 22 - المدخل الاضافى بالموضوع-مصطلح موضوعى
مصطلح موضوعي أو اسم جغرافي كعنصر مدخل Physical Examination
التقسيم الفرعي العام methods.
9 (RLIN) 47947
830 #0 - المدخل الاضافى بالسلسلة -عنوان موحد
عنوان موحد Jones and Bartlett's contemporary issues in physical therapy and rehabilitation medicine series.
9 (RLIN) 47948
906 ## - عنصر بيانات محلى F, LDF (RLIN)
a 7
b cbc
c orignew
d 1
e ecip
f 20
g y-gencatlg
942 ## - عناصر المدخل الإضافي( كوها)
مصدر التصنيف او مخطط الترفيف Dewey Decimal Classification
Koha [default] item type كتاب
المقتنيات
حالة الفقد نموذج السعر الفعال حالة تلف ليس للاعارة رقم الطلب تاريخ الاكتساب الموقع الحالي الباركود الفرع الرئيسي Date last seen نوع المادة فى نظام كوها مصدر التصنيف او خطة الترفيف Total Checkouts
  2015-05-04     616.7075 SJO 2015-05-04 المكتبة المركزية بالمجمعة (CL) 007500126 المكتبة المركزية بالمجمعة (CL) 2015-05-04 كتاب Dewey Decimal Classification  
  2015-05-04     616.7075 SJO 2015-05-04 المكتبة المركزية بالمجمعة (CL) 007500127 المكتبة المركزية بالمجمعة (CL) 2015-05-04 كتاب Dewey Decimal Classification  
  2015-05-04     616.7075 SJO 2015-05-04 مكتبة مجمع الكليات بالزلفى - طلاب (SZM) 007500128 مكتبة مجمع الكليات بالزلفى - طلاب (SZM) 2015-05-04 كتاب Dewey Decimal Classification  
  2015-05-04     616.7075 SJO 2015-05-04 مكتبة مجمع الكليات بالزلفى - طلاب (SZM) 007500129 مكتبة مجمع الكليات بالزلفى - طلاب (SZM) 2015-05-04 كتاب Dewey Decimal Classification